00734nam a2200217Ia 4500003000900000008004100009020002200050040001600072080001900088100002800107245009400135260004800229300001700277490005100294650002100345650001600366650001400382942000700396999001700403952009600420IN-BaIIA211028s9999 xx 000 0 eng d a978-0-521-59264-2 cIIA Library a53:52-852bGOM aGombosi, Tamas I923072 0aPhysics of space environmentcTamas I. Gombosi  aCambridgebCambridge University Pressc1998 axviii, 339p. aCambridge atmospheric and space science series aEarth atmosphere aSpace93725 aSun91200 cBK c13096d13096 00104070aBANbBANcGENd0000-00-00l0o53:52-852/ GOMp14013r2021-11-05w0000-00-00yBK